| 000 | 00392nam a22001457a 4500 | ||
|---|---|---|---|
| 003 | MACL | ||
| 005 | 20170609133128.0 | ||
| 008 | 170609b xxu||||| |||| 00| 0 eng d | ||
| 040 | _cMACL | ||
| 100 |
_aAhuja Manish _967403 |
||
| 245 |
_aNarendra Modi _bThe Architech of A Modern State |
||
| 260 |
_aGuwahati _bMatri Publisher _c2015 |
||
| 650 |
_aPoliticl science _967404 |
||
| 942 |
_2ddc _cBK |
||
| 999 |
_c56497 _d56497 |
||